Taylor Swift Commonly Misheard Lyrics #2 - Statistics

General Stats
  • This quiz has been taken 45 times
  • The average score is 4 of 6
Answer Stats
Hint Answer % Correct
“I miss you, but I miss Spider-Man” Bejeweled
91%
“Snakes and scones never broke my bones” You Need To Calm Down
91%
“The Burger King on my T-Shirt” Maroon
69%
“I’m a Barbie on the boardwalk, summer of ‘45” Starlight
59%
“Chasing maple leaf status” I Bet You Think About Me
41%
“Fake interview” Style
41%
No matching quizzes found
Score Distribution
Percent of People with Each Score
Percentile by Number Answered
Your Score History
You have not taken this quiz